[Event "Rilton Cup"]
[Site "?"]
[Date "2002.01.02"]
[Round "6"]
[White "Ulibin, Michil"]
[Black "Vernersson, Per"]
[Result "1-0"]
[WhiteElo "2580"]
[BlackElo "2395"]
[PlyCount "85"]

1. e4 c6 2. d4 d5 3. exd5 cxd5 4. c4 Nf6 5. Nc3 e6 6. Nf3 Be7 7. cxd5 Nxd5 8.
Bd3 Nc6 9. O-O O-O 10. Re1 Bf6 11. Be4 Qd6 12. Qd3 g6 13. Bh6 Bg7 14. Bxg7 Kxg7
15. Rad1 Rd8 16. Qd2 Nce7 17. Ne5 17... Bd7 {#} 18. Qh6+ Kxh6 19. Nxf7+ Kg7 20.
Nxd6 Bc6 21. Ndb5 Nxc3 22. Nxc3 Rac8 23. Bc2 Rd6 24. Bb3 Kf7 25. Rd3 Nf5 26. g4
Nh4 27. d5 exd5 28. Ne4 Rdd8 29. Rh3 Kg7 30. Ng5 Re8 31. Rxe8 Rxe8 32. Rxh4 h6
33. Nf3 d4 34. Rh3 d3 35. Kf1 Bb5 36. Nd4 Ba6 37. Re3 d2+ 38. Kg2 Rc8 39. Re7+
Kf8 40. Rd7 Ke8 41. Rd6 Ke7 42. Rxg6 Bc4 43. Nf5+ 1-0

[Event "Rilton Cup"]
[Site "?"]
[Date "2002.01.02"]
[Round "6"]
[White "Aberg, Anton"]
[Black "Wedberg, Tom"]
[Result "0-1"]
[WhiteElo "2388"]
[BlackElo "2529"]
[PlyCount "80"]

1. d4 Nf6 2. Bg5 Ne4 3. Bf4 c5 4. d5 Qb6 5. Bc1 d6 6. f3 Nf6 7. e4 g6 8. Nd2
Bg7 9. Ne2 Nbd7 10. Nc3 O-O 11. Nc4 Qd8 12. Be2 Nb6 13. O-O Nxc4 14. Bxc4 Nd7
15. a4 Rb8 16. Kh1 Nb6 17. Be2 Na8 18. f4 Nc7 19. Nb5 a6 20. Nxc7 Qxc7 21. a5
Bd7 22. c3 e6 23. Bd3 exd5 24. exd5 f5 25. Be3 Rfe8 26. Qd2 Re7 27. Rfe1 Rbe8
28. Bf2 Rxe1+ 29. Bxe1 Bf6 30. Bf2 Re7 31. Be2 Be8 32. Bf3 Bb5 33. h3 Qd8 34.
Kh2 Bc4 35. Ra4 Bb5 36. Ra1 Re8 37. Re1 Qxa5 38. Re6 Qd8 39. b4 b6 40. Be2 Bxe2
0-1

[Event "Rilton Cup"]
[Site "?"]
[Date "2002.01.02"]
[Round "6"]
[White "Bromann, Thorbjorn"]
[Black "Hillarp-Persson, Tiger"]
[Result "0-1"]
[WhiteElo "2344"]
[BlackElo "2450"]
[PlyCount "76"]

1. d4 g6 2. e4 Bg7 3. Nc3 d6 4. Bg5 a6 5. a4 h6 6. Be3 b6 7. Nf3 e6 8. Qd2 Nd7
9. Bd3 Ne7 10. O-O Bb7 11. Rfe1 g5 12. h3 Ng6 13. Ne2 Nf6 14. Ng3 O-O 15. c3
Qd7 16. Bc2 Rad8 17. Rad1 Qc8 18. Nh2 c5 19. Qe2 cxd4 20. Rxd4 d5 21. Rb4 dxe4
22. Nh5 Nd5 23. Rc4 Qa8 24. Nxg7 Kxg7 25. Bxe4 Nxc3 26. bxc3 Bxe4 27. Bd4+ Rxd4
28. Rxd4 Bxg2 29. Qg4 e5 30. Rb4 a5 31. Rxb6 Nf4 32. Nf3 Qxf3 33. Qxf3 Bxf3 34.
Rxe5 Nxh3+ 35. Kh2 Nf4 36. Rxa5 Rd8 37. Rb1 Rd3 38. c4 Be4 0-1

[Event "Rilton Cup"]
[Site "?"]
[Date "2002.01.02"]
[Round "6"]
[White "Backelin, Rickard"]
[Black "Ahlander, Bjorn"]
[Result "0-1"]
[WhiteElo "2290"]
[BlackElo "2426"]
[PlyCount "70"]

1. c4 e6 2. Nc3 d5 3. cxd5 exd5 4. d4 Be7 5. Bf4 c6 6. e3 Bf5 7. f3 Nf6 8. Nge2
O-O 9. g4 Be6 10. Qd2 c5 11. dxc5 Bxc5 12. O-O-O Nc6 13. Kb1 Rc8 14. h4 Qa5 15.
Rc1 d4 16. exd4 Rfd8 17. d5 Nb4 18. dxe6 Rxd2 19. exf7+ Kxf7 20. Bxd2 Qd8 21.
Ng3 Qxd2 22. Nge4 Qf4 23. Bc4+ Kf8 24. Ne2 Qe5 25. Ng5 Be3 26. f4 Qa5 27. a3
Bxc1 28. Rxc1 Nbd5 29. Ne6+ Ke7 30. Nxg7 Qd2 31. Nf5+ Kf8 32. g5 Rxc4 33. Rxc4
Qd3+ 34. Rc2 Qxf5 35. Ng3 Qd3 0-1

[Event "Rilton Cup"]
[Site "?"]
[Date "2002.01.02"]
[Round "6"]
[White "Lindberg, Bengt"]
[Black "Todorovic, Zoran"]
[Result "1-0"]
[WhiteElo "2341"]
[BlackElo "2120"]
[PlyCount "77"]

1. e4 c5 2. Nf3 d6 3. d4 cxd4 4. Nxd4 Nf6 5. Nc3 g6 6. Be3 Bg7 7. f3 Nc6 8. Qd2
O-O 9. Bc4 Bd7 10. O-O-O Rc8 11. Bb3 Ne5 12. Kb1 Nc4 13. Bxc4 Rxc4 14. g4 Be6
15. h4 b5 16. b3 Rxc3 17. Qxc3 a5 18. h5 a4 19. hxg6 hxg6 20. Bh6 axb3 21. Bxg7
bxc2+ 22. Nxc2 Kxg7 23. g5 b4 24. Qb2 Bxa2+ 25. Qxa2 Nh5 26. Qb2+ Kh7 27. Ne3
Qa8 28. Nf5 f6 29. Rxh5+ gxh5 30. g6+ Kg8 31. Nxe7+ Kh8 32. Nf5 Kg8 33. Qb3+ d5
34. Rxd5 Qa3 35. Qxa3 bxa3 36. Ka2 Rb8 37. Rd7 Kh8 38. Rh7+ Kg8 39. Nh6+ 1-0

[Event "Rilton Cup"]
[Site "?"]
[Date "2002.01.02"]
[Round "6"]
[White "Lezcano, Pedro"]
[Black "Evertsson, Lennart"]
[Result "1-0"]
[WhiteElo "2407"]
[BlackElo "2238"]
[PlyCount "105"]

1. c4 Nf6 2. g3 e5 3. Bg2 Bc5 4. Nc3 O-O 5. e3 Nc6 6. a3 Re8 7. Nge2 d6 8. O-O
Bg4 9. h3 Bh5 10. b4 Bb6 11. d3 Qd7 12. Kh2 Nd8 13. Bb2 c6 14. Ne4 Re6 15. Qd2
Ne8 16. g4 Bg6 17. f4 Bxe4 18. dxe4 Qc8 19. Ng3 f6 20. h4 Nf7 21. g5 Qd8 22.
Bh3 Re7 23. Rad1 Qb8 24. Qc3 a5 25. Nf5 Rc7 26. c5 axb4 27. axb4 dxc5 28. bxc5
Ba5 29. Qb3 b6 30. Qe6 bxc5 31. Ba1 Qb5 32. fxe5 Qe2+ 33. Kg3 fxg5 34. Bg4
gxh4+ 35. Kh3 Kh8 36. Qxe8+ Rxe8 37. Bxe2 Ng5+ 38. Kxh4 Nxe4 39. Nd6 Nxd6 40.
exd6 Rd7 41. Bg4 Bd8+ 42. Kh3 Ra7 43. e4 Ra3+ 44. Rf3 Rxf3+ 45. Bxf3 Rf8 46.
Kg2 Kg8 47. e5 Kf7 48. Bxc6 Ke6 49. Bd5+ Kd7 50. Bc4 Rf4 51. e6+ Ke8 52. Bb5+
Kf8 53. Re1 1-0

[Event "Rilton Cup"]
[Site "?"]
[Date "2002.01.02"]
[Round "6"]
[White "Sjoberg, Mats"]
[Black "Bodin, Stefan"]
[Result "1-0"]
[WhiteElo "2338"]
[BlackElo "2037"]
[PlyCount "47"]

1. d4 d5 2. c4 e5 3. dxe5 d4 4. Nf3 Nc6 5. g3 Bg4 6. Bg2 Qd7 7. O-O f6 8. exf6
Nxf6 9. Qb3 Rb8 10. Rd1 Bc5 11. Nc3 O-O 12. Bg5 Qf5 13. Bxf6 Rxf6 14. Nd5 Rh6
15. Nf4 g5 16. Nd3 Bh3 17. Bxh3 Qxh3 18. Nxc5 Ne5 19. Ne4 Nxf3+ 20. Qxf3 Qxh2+
21. Kf1 Qh3+ 22. Qg2 Qd7 23. Nxg5 c6 24. Nf3 1-0

[Event "Rilton Cup"]
[Site "?"]
[Date "2002.01.03"]
[Round "7"]
[White "Lalic, Bogdan"]
[Black "Agrest, Evgenij"]
[Result "1/2-1/2"]
[WhiteElo "2522"]
[BlackElo "2563"]
[PlyCount "35"]

1. d4 Nf6 2. c4 e6 3. Nf3 b6 4. g3 Ba6 5. b3 b5 6. cxb5 Bxb5 7. Bg2 d5 8. O-O
Nbd7 9. Nc3 Ba6 10. Ne5 Bd6 11. Nc6 Qc8 12. a3 Nb8 13. Nb4 Bb7 14. Bb2 O-O 15.
Nd3 Nbd7 16. Rc1 Qb8 17. Na4 a5 18. Qc2 1/2-1/2

[Event "Rilton Cup"]
[Site "?"]
[Date "2002.01.03"]
[Round "7"]
[White "Yakovich, Yuri"]
[Black "Rat, Dan"]
[Result "1-0"]
[WhiteElo "2588"]
[BlackElo "2318"]
[PlyCount "45"]

1. d4 Nf6 2. Nf3 c5 3. d5 b5 4. Bg5 Ne4 5. Bh4 Bb7 6. a4 bxa4 7. Rxa4 f5 8. g4
fxg4 9. Rxe4 gxf3 10. exf3 Na6 11. Na3 Nc7 12. c4 d6 13. Bh3 Bc8 14. Bxc8 Qxc8
15. O-O g5 16. Bxg5 Rg8 17. Rg4 Qf5 18. Bxe7 Rg6 19. Bh4 Kf7 20. Nc2 Re8 21.
Ne3 Qh5 22. Bg3 Bh6 23. Qd3 1-0

[Event "Rilton Cup"]
[Site "?"]
[Date "2002.01.03"]
[Round "7"]
[White "Wedberg, Tom"]
[Black "Brynell, Stellan"]
[Result "1/2-1/2"]
[WhiteElo "2529"]
[BlackElo "2506"]
[PlyCount "49"]

1. c4 Nf6 2. g3 c6 3. b3 d5 4. Bb2 Bg4 5. Bg2 e6 6. Nf3 Nbd7 7. O-O Bd6 8. d4
O-O 9. Nbd2 Qe7 10. Re1 Ba3 11. Qc1 Bxb2 12. Qxb2 Rfd8 13. a3 h6 14. b4 Bf5 15.
Rac1 Rac8 16. Nb3 Ne4 17. Nfd2 Nxd2 18. Nxd2 Nf6 19. Qc3 Re8 20. f3 Bg6 21. e3
h5 22. Bh3 Bf5 23. Bg2 Bg6 24. Bh3 Bf5 25. Bg2 1/2-1/2

[Event "Rilton Cup"]
[Site "?"]
[Date "2002.01.03"]
[Round "7"]
[White "Volzhin, Alexander"]
[Black "Rustemov, Alexander"]
[Result "1/2-1/2"]
[WhiteElo "2521"]
[BlackElo "2611"]
[PlyCount "77"]

1. d4 d5 2. c4 c6 3. Nf3 Nf6 4. Qc2 dxc4 5. Qxc4 Bf5 6. g3 e6 7. Bg2 Nbd7 8.
O-O Be7 9. Nc3 O-O 10. e3 b5 11. Qe2 b4 12. Na4 Qa5 13. b3 Qb5 14. Re1 Bd3 15.
Qd1 Rfd8 16. Bb2 Rac8 17. Rc1 h6 18. Bf1 Bxf1 19. Rxf1 Ne4 20. Nd2 Nxd2 21.
Qxd2 c5 22. Qc2 Qa6 23. Qc4 Qxc4 24. Rxc4 cxd4 25. Rxd4 Nb6 26. Nxb6 axb6 27.
Rxd8+ Rxd8 28. Bd4 Ra8 29. Rc1 Rxa2 30. Rc8+ Kh7 31. Rc7 Bc5 32. Rxf7 Bxd4 33.
exd4 Rb2 34. Rb7 Rxb3 35. Rxb6 Kg8 36. Rxe6 Rd3 37. Rd6 b3 38. Rb6 Rxd4 39.
Rxb3 1/2-1/2

[Event "Rilton Cup"]
[Site "?"]
[Date "2002.01.03"]
[Round "7"]
[White "Nataf, Igor"]
[Black "Rowson, Jonathan"]
[Result "1/2-1/2"]
[WhiteElo "2535"]
[BlackElo "2512"]
[PlyCount "61"]

1. e4 c5 2. Nf3 d6 3. d4 Nf6 4. Nc3 cxd4 5. Nxd4 a6 6. Bg5 e6 7. f4 Qb6 8. Nb3
Nbd7 9. Qf3 Qc7 10. a4 b6 11. Bd3 Bb7 12. O-O Be7 13. Rae1 h6 14. Bh4 Rg8 15.
Bg3 g5 16. Qe2 h5 17. fxg5 Rxg5 18. Bf4 Rg4 19. h3 Rg8 20. Kh1 h4 21. Nd2 Qc5
22. Nc4 d5 23. Nd2 dxe4 24. Ncxe4 Qh5 25. Nf3 Qd5 26. c4 Qh5 27. Nd6+ Bxd6 28.
Bxd6 Nc5 29. Bxc5 bxc5 30. Rf2 Rd8 31. Bc2 1/2-1/2

[Event "Rilton Cup"]
[Site "?"]
[Date "2002.01.03"]
[Round "7"]
[White "Popov, Valerij"]
[Black "Lezcano, Pedro"]
[Result "1-0"]
[WhiteElo "2578"]
[BlackElo "2407"]
[PlyCount "71"]

1. d4 Nf6 2. Nf3 e6 3. c4 Bb4+ 4. Nbd2 b6 5. a3 Bxd2+ 6. Qxd2 Bb7 7. e3 O-O 8.
b4 a5 9. b5 d6 10. Bb2 Nbd7 11. Bd3 Qe7 12. O-O Ne4 13. Qc2 f5 14. Ne1 Rae8 15.
a4 g6 16. Be2 e5 17. Nd3 h6 18. Rac1 Kh7 19. Rfe1 c5 20. bxc6 Bxc6 21. Ba3 Nef6
22. Rb1 Rc8 23. dxe5 Nxe5 24. Nxe5 Qxe5 25. Rxb6 Nd7 26. Bb2 Qe7 27. Ra6 Nc5
28. Rxa5 Rf7 29. Bc3 Qg5 30. Bf1 Be4 31. Qd1 Nd3 32. h4 Qxh4 33. Bxd3 Bxg2 34.
Kxg2 f4 35. Bxg6+ Kxg6 36. Qd3+ 1-0

[Event "Rilton Cup"]
[Site "?"]
[Date "2002.01.03"]
[Round "7"]
[White "Hector, Jonny"]
[Black "Akesson, Ralf"]
[Result "0-1"]
[WhiteElo "2528"]
[BlackElo "2437"]
[Annotator "Sandbom,J"]
[PlyCount "80"]

1. e4 c6 2. d4 d5 3. Nd2 dxe4 4. Nxe4 Nd7 5. Ng5 Ngf6 6. Bc4 e6 7. Qe2 Nb6 8.
Bd3 h6 9. N5f3 c5 10. Be3 Qc7 11. Ne5 a6 12. Ngf3 Nbd5 13. O-O Bd6 14. Nc4 Be7
15. dxc5 Bxc5 16. Bxc5 Qxc5 17. Nfe5 O-O 18. a3 b5 19. Nd2 Nf4 20. Qf3 Nxd3 21.
Nxd3 Qd5 22. Qxd5 Nxd5 23. Nc5 Rd8 24. Rfd1 Kf8 25. Nf3 Bd7 26. Nd4 Ke7 27. Rd3
Be8 28. g3 Rdc8 29. b4 a5 30. Nf5+ Kf8 31. Nd6 Rc6 32. Nxe8 {#} 32... axb4 33.
Nb3 Kxe8 34. Re1 Kf8 35. Nd4 Rc4 36. Nxb5 Rc5 37. Nd4 bxa3 38. Rf3 Kg8 39. Ra1
a2 40. Rb3 Rc4 0-1

[Event "Rilton Cup"]
[Site "?"]
[Date "2002.01.03"]
[Round "7"]
[White "Lindberg, Bengt"]
[Black "Bellon, Juan"]
[Result "1-0"]
[WhiteElo "2341"]
[BlackElo "2442"]
[Annotator "Sandbom,J"]
[PlyCount "81"]

1. e4 c5 2. Nf3 e6 3. d4 cxd4 4. Nxd4 Nf6 5. Nc3 Qb6 6. Nb3 Bb4 7. Bd3 d6 8.
O-O Bxc3 9. bxc3 Nbd7 10. Kh1 O-O 11. f4 e5 12. Qe1 Qc7 13. Qh4 b6 14. fxe5
dxe5 15. Bg5 Re8 16. Rf3 Re6 17. Raf1 Bb7 18. Rg3 Ne8 19. Nd2 Nd6 20. Be7 Nf8
21. Bxd6 Qxd6 22. Nc4 Qe7 23. Qh5 g6 24. Ne3 Kh8 25. Qh6 f6 26. Nd5 Bxd5 27.
exd5 Rd6 28. Bxg6 28... f5 {#} 29. Bf7 Qxf7 30. Qxd6 Ng6 31. Rg5 f4 32. Rxe5
Nxe5 33. Qxe5+ Qg7 34. Qxf4 Qxc3 35. d6 Qg7 36. Qe4 Rd8 37. Qd5 h6 38. h3 Rd7
39. c4 Kh7 40. Qf5+ Kh8 41. Re1 1-0

[Event "Rilton Cup"]
[Site "?"]
[Date "2002.01.03"]
[Round "7"]
[White "Nyback, Tommi"]
[Black "Olsson, Anders"]
[Result "1-0"]
[WhiteElo "2430"]
[BlackElo "2340"]
[PlyCount "85"]

1. Nf3 Nf6 2. c4 g6 3. b3 Bg7 4. Bb2 d6 5. e3 O-O 6. Be2 Nbd7 7. d4 Re8 8. Nc3
e5 9. Qc2 c6 10. h3 Qe7 11. O-O-O a6 12. g4 Nf8 13. Ba3 e4 14. Nd2 h6 15. Bf1
Qe6 16. d5 cxd5 17. cxd5 Qe7 18. Nc4 Rd8 19. Bg2 Ne8 20. Nb6 Rb8 21. Nxe4 Nd7
22. Nc4 Ne5 23. Nxe5 Bxe5 24. Kb1 Bd7 25. Bb2 Rdc8 26. Qd2 f5 27. Ng3 Nc7 28.
gxf5 Nb5 29. Rc1 gxf5 30. a4 Nc7 31. Rhg1 b5 32. Bxe5 Qxe5 33. f4 Qh8 34. a5 b4
35. Nxf5 Qf6 36. Nd4 Nb5 37. Nxb5 Bxb5 38. Be4+ Kf8 39. Rg6 Qe7 40. Qd4 Rxc1+
41. Kxc1 Qc7+ 42. Kb1 Qc3 43. Qxc3 1-0

[Event "Rilton Cup"]
[Site "?"]
[Date "2002.01.03"]
[Round "7"]
[White "Vernersson, Per"]
[Black "Keskinen, Sauli"]
[Result "1-0"]
[WhiteElo "2395"]
[BlackElo "2294"]
[PlyCount "103"]

1. d4 d6 2. c4 g6 3. e4 Bg7 4. Nc3 Nd7 5. Nf3 e5 6. Be2 Ne7 7. h4 h5 8. Bg5 O-O
9. Qd2 exd4 10. Nxd4 Ne5 11. Nd5 f6 12. Bh6 Bxh6 13. Qxh6 c5 14. Nf3 N5c6 15.
O-O-O Be6 16. Nxe7+ Nxe7 17. e5 fxe5 18. Ng5 Rf6 19. Qh7+ Kf8 20. Qh8+ Ng8 21.
Nh7+ Ke7 22. Nxf6 Nxf6 23. Qg7+ Bf7 24. Bf3 Qd7 25. b3 Qf5 26. Qh6 e4 27. Rhe1
Kd7 28. Qd2 Qe5 29. Kb1 Be6 30. Re3 b5 31. Be2 b4 32. Bd3 Bf5 33. Bc2 Re8 34.
f3 Re6 35. Rde1 Qf4 36. g3 Qh6 37. Qd1 a5 38. fxe4 a4 39. bxa4 Bg4 40. Qd3 Re5
41. a3 bxa3 42. Qxa3 Be6 43. Qb3 Ke7 44. a5 Qf8 45. Qb7+ Nd7 46. a6 Bxc4 47. a7
Ba6 48. Qxa6 Qa8 49. Rb3 c4 50. Rb7 c3 51. Rd1 Ra5 52. Qxd6+ 1-0

[Event "Rilton Cup"]
[Site "?"]
[Date "2002.01.03"]
[Round "7"]
[White "Eriksson, Johan"]
[Black "Ivanov, Sergey"]
[Result "1-0"]
[WhiteElo "2415"]
[BlackElo "2556"]
[PlyCount "83"]

1. d4 d5 2. c4 c6 3. Nf3 Nf6 4. Nc3 e6 5. Bg5 dxc4 6. e4 b5 7. e5 h6 8. Bh4 g5
9. Nxg5 Nd5 10. Nxf7 Qxh4 11. Nxh8 Bb4 12. Rc1 c5 13. dxc5 Qe4+ 14. Be2 Bxc3+
15. bxc3 Nf4 16. Rg1 Bb7 17. Kf1 Qf5 18. Bg4 Qxe5 19. Qd8+ Kxd8 20. Nf7+ Ke7
21. Nxe5 Kf6 22. Re1 Bd5 23. Bf3 Na6 24. Bxd5 Nxd5 25. a4 bxa4 26. Nxc4 Nxc5
27. g4 Nf4 28. Rg3 Ncd3 29. Rd1 Rc8 30. Nd6 Rd8 31. Ne4+ Ke7 32. g5 hxg5 33.
Rxg5 e5 34. Rg7+ Ke6 35. Rxa7 Rh8 36. Kg1 Kf5 37. f3 Nh3+ 38. Kf1 Nhf4 39. Kg1
Nh3+ 40. Kf1 Nhf4 41. Ra6 Rf8 42. h4 1-0

[Event "Rilton Cup"]
[Site "?"]
[Date "2002.01.03"]
[Round "7"]
[White "Ahlander, Bjorn"]
[Black "Gleizerov, Evgenij"]
[Result "0-1"]
[WhiteElo "2426"]
[BlackElo "2575"]
[PlyCount "104"]

1. d4 e6 2. Nf3 f5 3. g3 Nf6 4. Bg2 d5 5. O-O Bd6 6. c4 c6 7. b3 Qe7 8. Bb2 O-O
9. Ne5 b6 10. cxd5 exd5 11. Qc2 Bxe5 12. dxe5 Ne4 13. Nd2 Nxd2 14. Qxd2 Na6 15.
f3 Rd8 16. Rac1 c5 17. Rfd1 Be6 18. e3 Rac8 19. Bf1 Nc7 20. f4 a5 21. Qc2 Qf7
22. Rb1 Bd7 23. Bd3 g6 24. Qe2 Bc6 25. g4 fxg4 26. Qxg4 Bd7 27. Qg5 Bf5 28.
Rbc1 Ne6 29. Qf6 Bxd3 30. Rxd3 d4 31. Rf1 Qxf6 32. exf6 Kf7 33. f5 gxf5 34.
Rxf5 Rg8+ 35. Kf1 Rg6 36. exd4 cxd4 37. Rf2 Rd8 38. Rdf3 Nc5 39. Re2 Rxf6 40.
Ref2 Rxf3 41. Rxf3+ Ke6 42. Rh3 d3 43. Ke1 d2+ 44. Kd1 Ne4 45. Re3 Kf5 46. Rf3+
Kg4 47. Rf7 Rd5 48. a3 Rh5 49. Re7 Kf3 50. Be5 Ke3 51. Bc7 Rb5 52. Re6 Rxb3 0-1

[Event "Rilton Cup"]
[Site "?"]
[Date "2002.01.03"]
[Round "7"]
[White "Ernst, Thomas"]
[Black "Nordstrom, Felix"]
[Result "1-0"]
[WhiteElo "2436"]
[BlackElo "2182"]
[Annotator "Sandbom,J"]
[PlyCount "91"]

1. e4 c5 2. Nf3 e6 3. d4 cxd4 4. Nxd4 a6 5. Bd3 Nc6 6. Nxc6 dxc6 7. Nd2 e5 8.
Nc4 Ne7 9. Qh5 Ng6 10. Bd2 Bc5 11. O-O-O Qe7 12. Rhf1 O-O 13. g3 Be6 14. Kb1 f6
15. f4 Bf7 16. Qf3 Rfe8 17. f5 Nf8 18. g4 b5 19. Na5 Qc7 20. Nb3 Be7 21. Ba5
Qa7 22. Qe2 Nd7 23. h4 c5 24. c4 b4 25. Rg1 h6 26. Rdf1 26... Nb8 {#} 27. g5
fxg5 28. hxg5 Bxg5 29. f6 gxf6 30. Rxf6 Re6 31. Rxe6 Bxe6 32. Qh2 Qg7 33. Nxc5
Bf7 34. Bxb4 Nc6 35. Bc3 Rd8 36. Qh3 Qf6 37. Bd2 Qd6 38. Bxg5 hxg5 39. Qe3 Kf8
40. Be2 Nd4 41. Nb7 Qb6 42. Nxd8 Qxd8 43. Bd1 Bxc4 44. Qxg5 Qd6 45. Qg7+ Ke8
46. Rh1 1-0

[Event "Rilton Cup"]
[Site "?"]
[Date "2002.01.03"]
[Round "7"]
[White "Hedman, Erik"]
[Black "Mertanen, Janne"]
[Result "1-0"]
[WhiteElo "2343"]
[BlackElo "2193"]
[Annotator "Sandbom,J"]
[PlyCount "73"]

1. d4 Nf6 2. c4 c5 3. d5 b5 4. Nf3 Bb7 5. a4 Qa5+ 6. Bd2 b4 7. Bg5 Ne4 8. Bf4
d6 9. Nbd2 Nxd2 10. Qxd2 g6 11. e4 Bg7 12. e5 dxe5 13. Bxe5 Bxe5 14. Nxe5 Qa6
15. Qe3 Qd6 16. Be2 a5 17. O-O O-O 18. f4 f6 19. Nd3 Na6 20. f5 Kg7 21. Nf4 Bc8
22. Bd3 g5 23. Nh5+ Kf7 24. b3 Rg8 25. Rae1 Bd7 26. Ng3 Kf8 27. Kh1 Be8 28. Qf2
Bf7 29. Ne4 Qb6 30. Re3 Ra7 31. Rfe1 h6 32. Ng3 Qd6 33. Qf3 33... Nc7 {#} 34.
Rxe7 Qxe7 35. Rxe7 Kxe7 36. Qe3+ Kd7 37. Ne4 1-0

[Event "Rilton Cup"]
[Site "?"]
[Date "2002.01.03"]
[Round "7"]
[White "Henriksson, Johan"]
[Black "Furhoff, Johan"]
[Result "0-1"]
[WhiteElo "2191"]
[BlackElo "2325"]
[PlyCount "46"]

1. d4 Nc6 2. Nf3 d5 3. g3 f6 4. c4 e5 5. dxe5 d4 6. exf6 Nxf6 7. Bg2 Bg4 8. O-O
Qd7 9. a3 a5 10. Qb3 Be7 11. Qxb7 O-O 12. Qb3 a4 13. Qd1 Ra5 14. Re1 Bh3 15.
Nbd2 Rh5 16. Nf1 Bxg2 17. Kxg2 Qh3+ 18. Kg1 Ng4 19. b4 Nce5 20. Bf4 Rxf4 21.
gxf4 Bh4 22. Nxh4 Nxh2 23. Qxd4 Nhf3+ 0-1

[Event "Rilton Cup"]
[Site "?"]
[Date "????.??.??"]
[Round "7"]
[White "Handke, Florian"]
[Black "Khenkin, Igor"]
[Result "*"]
[WhiteElo "2407"]
[BlackElo "2572"]
[Annotator "Sandbom,J"]
[PlyCount "116"]

1. e4 c6 2. d4 d5 3. e5 Bf5 4. Nf3 e6 5. Be2 Nd7 6. O-O Bg6 7. b3 Nh6 8. c4 Nf5
9. Na3 Be7 10. Bb2 O-O 11. Qd2 f6 12. Nc2 fxe5 13. dxe5 Nc5 14. Ncd4 Ne4 15.
Qd1 Qd7 16. Nxf5 Bxf5 17. Nd4 Bb4 18. Nxf5 Rxf5 19. Bd3 Rd8 20. Qe2 Bc5 21. b4
Bxf2+ 22. Kh1 Qf7 23. g4 Rf3 24. cxd5 cxd5 25. Bxe4 dxe4 26. Qxe4 Rf4 27. Qg2
Rf8 28. Bc1 Be3 29. Rxf4 Qxf4 30. Bxe3 Qxe3 31. Qxb7 Qxe5 32. Rd1 Qe2 33. Rg1
Qxa2 34. Qe4 Rf2 35. Qa8+ Kf7 36. Qb7+ Kf6 37. g5+ Kg6 38. Qe4+ Rf5 39. h4 Qd5
40. Re1 Kf7 41. Qxd5 Rxd5 42. Ra1 Rd7 43. h5 Rb7 44. Kg2 h6 45. Rf1+ Ke7 46. g6
Kd6 47. Ra1 Ke5 48. Kg3 Kf5 49. Ra5+ e5 50. b5 Ke4 51. Kg4 Kd3 52. Ra3+ Kc4 53.
Rf3 Kxb5 54. Rf7 Kc6 55. Kf5 a5 56. Kxe5 a4 57. Kd4 a3 58. Kc3 58... a2 {#} *

[Event "Rilton Cup"]
[Site "?"]
[Date "2002.01.04"]
[Round "8"]
[White "Rowson, Jonathan"]
[Black "Khenkin, Igor"]
[Result "1/2-1/2"]
[WhiteElo "2512"]
[BlackElo "2572"]
[PlyCount "26"]

1. e4 c6 2. d4 d5 3. exd5 cxd5 4. c4 Nf6 5. Nc3 e6 6. Nf3 Bb4 7. Bd3 dxc4 8.
Bxc4 O-O 9. O-O a6 10. a4 Nc6 11. Bg5 h6 12. Bh4 Be7 13. Bg3 Nh5 1/2-1/2

[Event "Rilton Cup"]
[Site "?"]
[Date "2002.01.04"]
[Round "8"]
[White "Akesson, Ralf"]
[Black "Nataf, Igor"]
[Result "1/2-1/2"]
[WhiteElo "2437"]
[BlackElo "2535"]
[PlyCount "65"]

1. Nf3 Nf6 2. c4 g6 3. Nc3 Bg7 4. e4 d6 5. d4 O-O 6. Be2 e5 7. Be3 Ng4 8. Bg5
f6 9. Bh4 g5 10. Bg3 Nh6 11. d5 Nd7 12. h3 f5 13. exf5 Nc5 14. Qd2 Nxf5 15.
Nxg5 Bh6 16. h4 Nxg3 17. fxg3 a5 18. g4 Qe7 19. O-O-O Bd7 20. Rhf1 Rxf1 21.
Rxf1 Rf8 22. Rxf8+ Qxf8 23. Qe3 Qe7 24. Bf3 Be8 25. Nce4 Nxe4 26. Bxe4 Bg6 27.
Bxg6 hxg6 28. Kc2 Bxg5 29. hxg5 b6 30. Kd3 Kg7 31. Ke4 Qf8 32. Qf3 Qd8 33. Qe3
1/2-1/2

[Event "Rilton Cup"]
[Site "?"]
[Date "2002.01.04"]
[Round "8"]
[White "Logdahl, Harald"]
[Black "Ahlander, Bjorn"]
[Result "0-1"]
[WhiteElo "2259"]
[BlackElo "2426"]
[PlyCount "34"]

1. e4 e5 2. Nf3 Nc6 3. Nc3 Nf6 4. Bb5 Bb4 5. O-O O-O 6. Bxc6 dxc6 7. d3 Bg4 8.
h3 Bh5 9. g4 {#} 9... Nxg4 10. Nxe5 Nxe5 11. Qxh5 f5 12. f4 Qd4+ 13. Kh1 Bxc3
14. fxe5 fxe4 15. Bh6 Qxe5 16. Qg4 Bxb2 17. d4 Bxd4 0-1

[Event "Rilton Cup"]
[Site "?"]
[Date "2002.01.04"]
[Round "8"]
[White "Hunt, Harriet"]
[Black "Wedberg, Tom"]
[Result "0-1"]
[WhiteElo "2406"]
[BlackElo "2529"]
[Annotator "Sandbom,J"]
[PlyCount "84"]

1. e4 e5 2. Nf3 Nc6 3. Bb5 Nf6 4. d3 Bc5 5. c3 O-O 6. O-O d6 7. Re1 Ng4 8. Re2
f5 9. Nbd2 Bb6 10. h3 Nf6 11. Nc4 fxe4 12. dxe4 Na5 13. Nxb6 axb6 14. Re1 Qe7
15. b4 Nc6 16. a4 Bd7 17. Bd2 Qe8 18. Qe2 Kh8 19. Bd3 Nh5 20. Kh2 Nf4 21. Bxf4
Rxf4 22. Qe3 Qh5 23. Ng1 Raf8 24. Rf1 g5 25. g3 {#} 25... Bxh3 26. Nxh3 g4 27.
Kg1 Rf3 28. Qg5 Qxh3 29. Be2 Rg8 30. Qh4 Qxh4 31. gxh4 Rxc3 32. Rfc1 Nd4 33.
Bd1 Rxc1 34. Rxc1 c6 35. h5 Kg7 36. Kg2 Kh6 37. Rc3 Kg5 38. Ra3 Kf4 39. Re3 h6
40. Rg3 Rg5 41. Kf1 b5 42. axb5 Nxb5 0-1

[Event "Rilton Cup"]
[Site "?"]
[Date "2002.01.04"]
[Round "8"]
[White "Brynell, Stellan"]
[Black "Popov, Valerij"]
[Result "0-1"]
[WhiteElo "2506"]
[BlackElo "2578"]
[PlyCount "66"]

1. e4 c5 2. Nf3 e6 3. c3 Nf6 4. e5 Nd5 5. d4 cxd4 6. cxd4 d6 7. Bc4 Nd7 8. Bxd5
exd5 9. O-O Nb6 10. Bg5 Be7 11. Bxe7 Qxe7 12. exd6 Qxd6 13. Re1+ Be6 14. Ng5
O-O 15. Qd3 g6 16. Nxe6 Rfe8 17. Nd2 Rxe6 18. Nf3 Rae8 19. Rxe6 Rxe6 20. h3 Kg7
21. Rc1 Qf4 22. Rc5 Na4 23. Rc8 Nb6 24. Rc5 Na4 25. Rxd5 Qc1+ 26. Kh2 Nxb2 27.
Qa3 Re2 28. Rd7 Qf4+ 29. Kg1 Qc1+ 30. Kh2 Qf4+ 31. Kg1 Rc2 32. g3 Qc1+ 33. Kg2
Rxf2+ 0-1

[Event "Rilton Cup"]
[Site "?"]
[Date "2002.01.04"]
[Round "8"]
[White "Ivanov, Sergey"]
[Black "Hedman, Erik"]
[Result "1-0"]
[WhiteElo "2556"]
[BlackElo "2343"]
[PlyCount "79"]

1. d4 e6 2. c4 Nf6 3. Nf3 Bb4+ 4. Nbd2 b6 5. e3 Bb7 6. Bd3 c5 7. a3 Bxd2+ 8.
Bxd2 d6 9. O-O Nbd7 10. b4 O-O 11. Bc3 Qc7 12. Rc1 Rfe8 13. Nd2 Rac8 14. Bb2
Qd8 15. Qe2 Nf8 16. Rfd1 Qe7 17. dxc5 dxc5 18. b5 e5 19. a4 a5 20. bxa6 Bc6 21.
a5 Ra8 22. axb6 Rxa6 23. Bc3 Rxb6 24. Rb1 Ra6 25. Nf1 Ne4 26. Ba1 Rea8 27. Qg4
Nf6 28. Qg5 Ba4 29. Rdc1 e4 30. Be2 h6 31. Qe5 Re6 32. Qc3 Ng6 33. Ng3 Re5 34.
Qd2 Rg5 35. Rb6 Ne5 36. Qd6 Qxd6 37. Rxd6 Ned7 38. h4 Rg6 39. Bc3 Kf8 40. Ra1
1-0

[Event "Rilton Cup"]
[Site "?"]
[Date "2002.01.04"]
[Round "8"]
[White "Rustemov, Alexander"]
[Black "Ernst, Thomas"]
[Result "0-1"]
[WhiteElo "2611"]
[BlackElo "2436"]
[Annotator "Sandbom,J"]
[PlyCount "132"]

1. Nf3 c5 2. c4 Nc6 3. d4 cxd4 4. Nxd4 Nf6 5. Nc3 e6 6. a3 Be7 7. g3 Qb6 8. e3
O-O 9. Bg2 d5 10. cxd5 exd5 11. Na4 Qd8 12. h3 Ne4 13. O-O Nxd4 14. exd4 Be6
15. Qb3 Qd7 16. Kh2 Rac8 17. Nc3 Nxc3 18. bxc3 Rc6 19. Bd2 Rb6 20. Qc2 Rc8 21.
Rfe1 Bf6 22. Qa2 Rbc6 23. a4 {#} 23... Bxd4 24. Re2 Bxc3 25. Bxc3 Rxc3 26. Rd2
R8c5 27. Rad1 R3c4 28. Bxd5 Bxd5 29. Qxc4 Rxc4 30. Rxd5 Qe8 31. Rd8 Kf8 32.
Rxe8+ Kxe8 33. Rb1 b6 34. a5 Rc6 35. axb6 axb6 36. Kg2 Kd7 37. Kf3 Re6 38. h4
Kc6 39. Rc1+ Kb7 40. Rb1 Re7 41. Kf4 Kc6 42. Rc1+ Kd5 43. Rb1 Kc5 44. Rc1+ Kd4
45. h5 h6 46. Rd1+ Kc3 47. Rc1+ Kd3 48. Rd1+ Kc2 49. Rd5 Rb7 50. Rb5 Kd3 51. g4
Kc4 52. Rf5 b5 53. Ke3 f6 54. Kd2 Kb3 55. Kc1 b4 56. Rc5 Ra7 57. f3 Ka2 58.
Rc2+ Ka1 59. Rc6 b3 60. Rb6 Rc7+ 61. Kd2 b2 62. Ra6+ Kb1 63. f4 Rd7+ 64. Ke3
Rd5 65. Ra7 Kc2 66. Rc7+ Kb3 0-1